[Event "4NCL/Div4/NOTT2 vs. PONTY"]
[Site "Sunningdale ENG"]
[Date "2007.05.27"]
[Round "10.5"]
[White "Hill, Maurice J"]
[Black "St Clair, Allan"]
[Result "0-1"]
[WhiteElo "1910"]
[BlackElo "1826"]
[PlyCount "68"]
[EventDate "2007.05.27"]
[EventType "team"]
[EventRounds "11"]
[EventCountry "ENG"]
[WhiteTeam "Notts 2"]
[BlackTeam "Pontypridd"]

1. c4 Nf6 2. g3 e6 3. Bg2 d5 4. Nf3 c6 5. O-O Bd6 6. d4 dxc4 7. a4 Nbd7 8. Qc2
e5 9. Rd1 Qe7 10. Na3 exd4 11. Nxd4 Ne5 12. Bf4 g6 13. Nxc6 Bf5 14. Qc3 bxc6
15. Bxc6+ Nxc6 16. Bxd6 Qe6 17. Qxc4 Qxc4 18. Nxc4 Ne4 19. Rac1 Rc8 20. f3 Na5
21. fxe4 Nxc4 22. Rxc4 Rxc4 23. exf5 gxf5 24. Be5 O-O 25. b3 Re4 26. Bf4 Rxe2
27. b4 Rb2 28. b5 Re8 29. Rd2 Rb4 30. Rd5 Rxa4 31. Rxf5 Re2 32. Be5 Raa2 33. g4
Re1+ 34. Rf1 Rxe5 0-1

[Event "4NCL/Div4/NOTT2 vs. PONTY"]
[Site "Sunningdale ENG"]
[Date "2007.05.27"]
[Round "10.6"]
[White "Davis, Ashley"]
[Black "Graham, Neil"]
[Result "0-1"]
[WhiteElo "1535"]
[BlackElo "1915"]
[PlyCount "52"]
[EventDate "2007.05.27"]
[EventType "team"]
[EventRounds "11"]
[EventCountry "ENG"]
[WhiteTeam "Pontypridd"]
[BlackTeam "Notts 2"]

1. d4 Nf6 2. Nf3 d5 3. g3 c6 4. Bg2 h6 5. O-O Bf5 6. Nbd2 Nbd7 7. c4 dxc4 8.
Nxc4 e6 9. Re1 Nb6 10. Nfe5 Nxc4 11. Nxc4 Bb4 12. Bd2 Bxd2 13. Qxd2 O-O 14. e4
Bh7 15. Rad1 Rb8 16. e5 Ne8 17. Qf4 b5 18. Na5 Qxa5 19. Bxc6 Qxa2 20. Ra1 Qxb2
21. Rxa7 g5 22. Qf3 Qxd4 23. Re7 Qb4 24. Ra7 Qxe1+ 25. Kg2 Rc8 26. Bxe8 Be4 0-1

[Event "4NCL/Div4/CONQ2 vs. GREN"]
[Site "Sunningdale ENG"]
[Date "2007.05.27"]
[Round "10.1"]
[White "Davy, John"]
[Black "Bass, John W"]
[Result "0-1"]
[WhiteElo "1950"]
[BlackElo "2096"]
[PlyCount "48"]
[EventDate "2007.05.27"]
[EventType "team"]
[EventRounds "11"]
[EventCountry "ENG"]
[WhiteTeam "Conquistadors 2"]
[BlackTeam "Grendels Mother"]

1. c4 e5 2. g3 Nf6 3. Bg2 Nc6 4. Nc3 Bb4 5. Nd5 Be7 6. a3 O-O 7. b4 Re8 8. Bb2
d6 9. b5 Nd4 10. e3 Ne6 11. Ne2 Nc5 12. d4 exd4 13. exd4 Nce4 14. O-O c6 15.
bxc6 bxc6 16. Nxe7+ Qxe7 17. Re1 Nxf2 18. Qb3 Rb8 19. Qxb8 Qe3 20. Rf1 N6g4 21.
Rxf2 Qxf2+ 22. Kh1 Bd7 23. Qxd6 Rxe2 24. Rg1 Re1 0-1

[Event "4NCL/Div4/CONQ2 vs. GREN"]
[Site "Sunningdale ENG"]
[Date "2007.05.27"]
[Round "10.2"]
[White "Littlejohns, David P"]
[Black "Cork, David J"]
[Result "1/2-1/2"]
[WhiteElo "2080"]
[BlackElo "1960"]
[PlyCount "110"]
[EventDate "2007.05.27"]
[EventType "team"]
[EventRounds "11"]
[EventCountry "ENG"]
[WhiteTeam "Grendels Mother"]
[BlackTeam "Conquistadors 2"]

1. e4 c5 2. Nc3 Nc6 3. g3 g6 4. Bg2 Bg7 5. d3 e6 6. f4 Nge7 7. Nf3 O-O 8. O-O
d5 9. e5 Nf5 10. Ne2 b5 11. g4 Nh4 12. Nxh4 Qxh4 13. Ng3 Bb7 14. c3 Rab8 15.
Be3 d4 16. cxd4 Nxd4 17. Bxd4 Bxg2 18. Kxg2 cxd4 19. Qe2 f6 20. exf6 Qxf6 21.
Rac1 Rfc8 22. Ne4 Qe7 23. Rc2 e5 24. f5 gxf5 25. Rxf5 Qh4 26. h3 b4 27. b3 Qd8
28. Rf2 Rxc2 29. Qxc2 Rc8 30. Qe2 Bh6 31. Nf6+ Kh8 32. Qxe5 Bg7 33. g5 Qb6 34.
Qf5 Qc6+ 35. Qe4 Bxf6 36. Qxc6 Rxc6 37. gxf6 Kg8 38. f7+ Kf8 39. Kg3 Rc3 40.
Rd2 Kxf7 41. Kf4 Rc6 42. h4 Re6 43. Rc2 Re3 44. Rc4 Rxd3 45. Rxb4 Ke6 46. Ra4
Rd2 47. Rxa7 Rh2 48. Kg3 d3 49. Ra8 Rb2 50. Rd8 d2 51. Kf3 Rxa2 52. Ke2 Rb2 53.
Rd3 Ke5 54. Rxd2 Rxb3 55. Rd7 h6 1/2-1/2

[Event "4NCL/Div4/CONQ2 vs. GREN"]
[Site "Sunningdale ENG"]
[Date "2007.05.27"]
[Round "10.3"]
[White "Winchcombe, Andrew"]
[Black "Hardy, Roger"]
[Result "1/2-1/2"]
[WhiteElo "1895"]
[BlackElo "2026"]
[PlyCount "60"]
[EventDate "2007.05.27"]
[EventType "team"]
[EventRounds "11"]
[EventCountry "ENG"]
[WhiteTeam "Conquistadors 2"]
[BlackTeam "Grendels Mother"]

1. e4 c6 2. d4 d5 3. exd5 cxd5 4. c4 Nf6 5. Nc3 Nc6 6. cxd5 Nxd5 7. Bc4 Nb6 8.
Bb5 Bd7 9. Nge2 Nb4 10. Bxd7+ Qxd7 11. a3 N4d5 12. O-O e6 13. Nf4 Nxf4 14. Bxf4
Nd5 15. Nxd5 Qxd5 16. Re1 Be7 17. Re5 Qd7 18. d5 Bf6 19. Re2 Rd8 20. d6 O-O 21.
Rd2 Rc8 22. Rc1 Rxc1 23. Qxc1 Rc8 24. Rc2 Rxc2 25. Qxc2 Bd8 26. Qc5 Bb6 27. Qc4
f6 28. Qd3 h5 29. h4 e5 30. Bd2 Bd4 1/2-1/2

[Event "4NCL/Div4/CONQ2 vs. GREN"]
[Site "Sunningdale ENG"]
[Date "2007.05.27"]
[Round "10.4"]
[White "Hibbitt, Arthur M"]
[Black "Auckland, Elliott"]
[Result "0-1"]
[WhiteElo "1895"]
[BlackElo "1879"]
[PlyCount "66"]
[EventDate "2007.05.27"]
[EventType "team"]
[EventRounds "11"]
[EventCountry "ENG"]
[WhiteTeam "Grendels Mother"]
[BlackTeam "Conquistadors 2"]

1. b4 d5 2. Bb2 a5 3. b5 c6 4. e3 Bf5 5. Nf3 Nd7 6. c4 Nc5 7. d4 Ne4 8. Nc3 e6
9. c5 a4 10. Rc1 a3 11. Ba1 Ngf6 12. Be2 g5 13. bxc6 bxc6 14. Ne5 Nxc3 15. Bxc3
Qc7 16. Qb3 Nd7 17. Nxd7 Kxd7 18. O-O h5 19. f4 Bg4 20. Qd1 f5 21. fxg5 Be7 22.
h4 Qg3 23. Bxg4 Qxe3+ 24. Kh2 hxg4 25. g3 Bxg5 26. Qe1 Qxc1 27. Qxc1 Bxc1 28.
Rxc1 Rab8 29. Rf1 Rb7 30. Rf2 Rb1 31. Kg2 Rc1 32. Bb4 Ra8 33. Re2 Ra4 0-1

[Event "4NCL/Div4/GLOSG vs. AMCAH"]
[Site "Sunningdale ENG"]
[Date "2007.05.27"]
[Round "10.1"]
[White "Hosken, Nigel"]
[Black "Moore, Andrew"]
[Result "1-0"]
[WhiteElo "1989"]
[BlackElo "1885"]
[PlyCount "51"]
[EventDate "2007.05.27"]
[EventType "team"]
[EventRounds "11"]
[EventCountry "ENG"]
[WhiteTeam "Glos Gambits"]
[BlackTeam "AMCA Hippos"]

1. d4 Nf6 2. c4 c5 3. Nf3 g6 4. Nc3 Bg7 5. e4 cxd4 6. Nxd4 e5 7. Ndb5 O-O 8.
Bg5 h6 9. Bxf6 Bxf6 10. Nd5 a6 11. Nd6 Be7 12. Nxc8 Qa5+ 13. Qd2 Qxd2+ 14. Kxd2
Bg5+ 15. f4 exf4 16. Ncb6 Nc6 17. Nxa8 Rxa8 18. Nb6 Re8 19. h4 Bf6 20. Bd3 Ne5
21. Nd5 Bd8 22. Nxf4 g5 23. hxg5 Bxg5 24. Raf1 Ng6 25. g3 Re6 26. Kc2 1-0

[Event "4NCL/Div4/GLOSG vs. AMCAH"]
[Site "Sunningdale ENG"]
[Date "2007.05.27"]
[Round "10.2"]
[White "Tunstall, George"]
[Black "Lambourne, Daniel M"]
[Result "1/2-1/2"]
[WhiteElo "1810"]
[BlackElo "2080"]
[PlyCount "66"]
[EventDate "2007.05.27"]
[EventType "team"]
[EventRounds "11"]
[EventCountry "ENG"]
[WhiteTeam "AMCA Hippos"]
[BlackTeam "Glos Gambits"]

1. d4 Nf6 2. c4 d6 3. Nc3 Bf5 4. f3 Nbd7 5. e4 Bg6 6. Bd3 e5 7. d5 Nh5 8. Be3
Be7 9. Nge2 Bg5 10. Bf2 Nf4 11. Nxf4 Bxf4 12. g3 Bh6 13. h4 f6 14. Qe2 a6 15.
Be3 Bxe3 16. Qxe3 Nc5 17. Bc2 a5 18. O-O-O h6 19. f4 Bh5 20. Rdg1 Qd7 21. f5
Bg4 22. h5 Qf7 23. Rh4 Bxh5 24. g4 Bg6 25. fxg6 Qxg6 26. Rhh1 O-O-O 27. Na4 Qg5
28. Qxg5 hxg5 29. Nxc5 dxc5 30. Bd1 Kd7 31. Bf3 Ke7 32. Rxh8 Rxh8 33. Rh1 Ra8
1/2-1/2

[Event "4NCL/Div4/GLOSG vs. AMCAH"]
[Site "Sunningdale ENG"]
[Date "2007.05.27"]
[Round "10.3"]
[White "Dodwell, Phil"]
[Black "Meechan, Catriona"]
[Result "1-0"]
[WhiteElo "2065"]
[BlackElo "1720"]
[PlyCount "65"]
[EventDate "2007.05.27"]
[EventType "team"]
[EventRounds "11"]
[EventCountry "ENG"]
[WhiteTeam "Glos Gambits"]
[BlackTeam "AMCA Hippos"]

1. e4 g6 2. d4 Bg7 3. Nc3 d6 4. Be3 Nd7 5. g3 e5 6. Bg2 h6 7. Nge2 Ngf6 8. h3
O-O 9. O-O Kh7 10. Qd2 Ng8 11. f4 f5 12. dxe5 dxe5 13. Rad1 c6 14. fxe5 Bxe5
15. exf5 gxf5 16. Nf4 Qe7 17. Rfe1 Bxc3 18. Qxc3 Qf7 19. Bd4 Ndf6 20. Bc5 Re8
21. Rxe8 Qxe8 22. Re1 Qf7 23. Nd3 Be6 24. Ne5 Qg7 25. Qd3 Qg5 26. Nf3 Qxg3 27.
Rxe6 Qf4 28. Bd6 Qc1+ 29. Re1 Qxb2 30. Qxf5+ Kg7 31. Be5 Qxa2 32. Bxf6+ Nxf6
33. Re7+ 1-0

[Event "4NCL/Div4/GLOSG vs. AMCAH"]
[Site "Sunningdale ENG"]
[Date "2007.05.27"]
[Round "10.4"]
[White "Andreev, Peter"]
[Black "Taylor, Geoffrey P"]
[Result "0-1"]
[WhiteElo "1535"]
[BlackElo "2070"]
[PlyCount "78"]
[EventDate "2007.05.27"]

1. e4 c5 2. Nf3 Nc6 3. d4 cxd4 4. Nxd4 a6 5. Nc3 e6 6. a3 Qc7 7. Bc4 Nf6 8. O-O
b5 9. Bb3 Bb7 10. Be3 Na5 11. Ba2 Nxe4 12. Nxe4 Bxe4 13. b4 Nc4 14. Rc1 Nxa3
15. c3 Nc4 16. Qe2 Be7 17. Qg4 Bg6 18. Rfe1 Nxe3 19. Rxe3 h5 20. Qf3 d5 21.
Rce1 Be4 22. Qe2 Bd6 23. h3 Bf4 24. Rxe4 dxe4 25. Qxe4 O-O 26. Bb1 g6 27. g4
hxg4 28. hxg4 Rae8 29. Qg2 Qxc3 30. Nc2 e5 31. Qh1 Kg7 32. Qg2 Rh8 33. f3 Rh2
34. Qf1 Reh8 35. Qg2 Rxg2+ 36. Kxg2 Rh2+ 37. Kg1 Qd2 38. Re2 Qxe2 39. Nd4 Be3#
0-1

[Event "4NCL/Div4/ADD vs. GUI5"]
[Site "Sunningdale ENG"]
[Date "2007.05.27"]
[Round "10.1"]
[White "Siebenhaar, Erich"]
[Black "Smart, Michael R"]
[Result "0-1"]
[WhiteElo "2127"]
[BlackElo "1978"]
[PlyCount "86"]
[EventDate "2007.05.27"]
[EventType "team"]
[EventRounds "11"]
[EventCountry "ENG"]
[WhiteTeam "Addlestone"]
[BlackTeam "Guildford-ADC 5"]

1. e4 Nf6 2. e5 Nd5 3. d4 d6 4. c4 Nb6 5. exd6 cxd6 6. Nc3 g6 7. Be3 Bg7 8. Rc1
O-O 9. h3 f5 10. f4 e5 11. Nf3 e4 12. Ng1 Qh4+ 13. Kd2 Nc6 14. Nce2 Na5 15. b3
d5 16. g3 Qe7 17. c5 Nd7 18. Nc3 Nf6 19. Ke1 Be6 20. Rh2 Nc6 21. Rb2 Nh5 22.
Kf2 Bf7 23. Be2 Nf6 24. Kg2 Nd7 25. Rd2 b6 26. Na4 bxc5 27. Nxc5 Nxc5 28. Rxc5
Nxd4 29. Rxd4 Qxc5 30. Rxe4 d4 31. Rxd4 Bxd4 32. Bxd4 Qd6 33. Nf3 Rad8 34. Qg1
Rfe8 35. Be5 Qc6 36. Qxa7 Ra8 37. Qe3 Rxa2 38. Kf1 Qe4 39. Qxe4 fxe4 40. Nd4
Rc8 41. Kf2 Rc3 42. f5 gxf5 43. Nxf5 Rf3+ 0-1

[Event "4NCL/Div4/ADD vs. GUI5"]
[Site "Sunningdale ENG"]
[Date "2007.05.27"]
[Round "10.2"]
[White "Deswarte, Ian"]
[Black "Dupré, Paul D"]
[Result "1-0"]
[WhiteElo "1920"]
[BlackElo "2041"]
[PlyCount "51"]
[EventDate "2007.05.27"]
[EventType "team"]
[EventRounds "11"]
[EventCountry "ENG"]
[WhiteTeam "Guildford-ADC 5"]
[BlackTeam "Addlestone"]

1. e4 d5 2. exd5 Nf6 3. d4 Bg4 4. Be2 Bxe2 5. Qxe2 Qxd5 6. Nf3 e6 7. O-O Bd6 8.
c4 Qh5 9. h3 Nbd7 10. c5 Be7 11. Nc3 a6 12. Bf4 c6 13. Rfe1 h6 14. Qc2 g5 15.
Bg3 g4 16. hxg4 Qxg4 17. Nd1 Nd5 18. Ne3 Nxe3 19. Rxe3 h5 20. Ne5 Nxe5 21. Bxe5
f6 22. Rg3 Qh4 23. Bc7 Kd7 24. Ba5 Rag8 25. Qb3 b5 26. Re1 1-0

[Event "4NCL/Div4/ADD vs. GUI5"]
[Site "Sunningdale ENG"]
[Date "2007.05.27"]
[Round "10.3"]
[White "Albrecht, Theo"]
[Black "Chapman, Timothy J"]
[Result "1-0"]
[WhiteElo "2025"]
[BlackElo "1840"]
[PlyCount "77"]
[EventDate "2007.05.27"]
[EventType "team"]
[EventRounds "11"]
[EventCountry "ENG"]
[WhiteTeam "Addlestone"]
[BlackTeam "Guildford-ADC 5"]

1. e4 e5 2. d3 Nf6 3. Nf3 d6 4. Be2 g6 5. c3 Bg7 6. h3 c6 7. Be3 Qc7 8. Nbd2 b5
9. O-O O-O 10. d4 Bb7 11. Qc2 Nbd7 12. Rfc1 d5 13. b3 dxe4 14. Nxe4 Nd5 15. a3
f5 16. Neg5 Rae8 17. h4 Nxe3 18. fxe3 e4 19. Nd2 Qg3 20. Nf1 Qxh4 21. Nh3 Bh6
22. c4 a6 23. a4 f4 24. exf4 Bxf4 25. Nxf4 Rxf4 26. Nh2 Qf2+ 27. Kh1 Rh4 28.
Bg4 Qg3 29. Bh3 Nf6 30. Qd1 Bc8 31. Qe1 Qxe1+ 32. Rxe1 Bxh3 33. gxh3 Rxh3 34.
Rab1 Ng4 35. Re2 e3 36. Rf1 Rf8 37. Kg1 Rxf1+ 38. Nxf1 Rg3+ 39. Nxg3 1-0

[Event "4NCL/Div4/ADD vs. GUI5"]
[Site "Sunningdale ENG"]
[Date "2007.05.27"]
[Round "10.4"]
[White "Kokossis, Danae"]
[Black "Klein, Cornelia"]
[Result "1/2-1/2"]
[WhiteElo "1595"]
[BlackElo "1881"]
[PlyCount "103"]
[EventDate "2007.05.27"]
[EventType "team"]
[EventRounds "11"]
[EventCountry "ENG"]
[WhiteTeam "Guildford-ADC 5"]
[BlackTeam "Addlestone"]

1. e4 e5 2. Nf3 Nc6 3. Bc4 Bc5 4. c3 Nf6 5. d4 exd4 6. cxd4 Bb4+ 7. Bd2 Bxd2+
8. Nbxd2 d5 9. exd5 Nxd5 10. Qb3 Nce7 11. O-O O-O 12. Rfe1 c6 13. Ne4 h6 14.
Nc5 b6 15. Nd3 Be6 16. Nde5 Rc8 17. Rac1 b5 18. Bxd5 Bxd5 19. Qd3 Rc7 20. h3
Qd6 21. b3 Rd8 22. Red1 a6 23. Rc5 Qf6 24. Ng4 Qd6 25. Nge5 f6 26. Ng4 Qf4 27.
Ngh2 Rcd7 28. Qe3 Qd6 29. Qd3 Bf7 30. Qc3 Qc7 31. Ng4 Rd6 32. Ne3 Qd7 33. Nc2
Nd5 34. Qa5 Ra8 35. Nb4 Nxb4 36. Qxb4 a5 37. Qc3 a4 38. Rc1 Be8 39. Qb4 axb3
40. axb3 Bf7 41. Qc3 Bd5 42. Ne1 Ra3 43. Rb1 Qe6 44. Nd3 Qe4 45. f3 Qg6 46. Kf2
Ra2+ 47. Rb2 Ra1 48. Nf4 Qg5 49. Nxd5 Rxd5 50. Rxc6 Qh4+ 51. Ke2 Qxd4 52. Qxd4
1/2-1/2

[Event "4NCL/Div4/CONQ3 vs. ATH2"]
[Site "Sunningdale ENG"]
[Date "2007.05.27"]
[Round "10.1"]
[White "Sathiraju, Vijay"]
[Black "Aniecko, Colin"]
[Result "0-1"]
[WhiteElo "1750"]
[BlackElo "1800"]
[PlyCount "74"]
[EventDate "2007.05.27"]
[EventType "team"]
[EventRounds "11"]
[EventCountry "ENG"]
[WhiteTeam "Conquistadors 3"]
[BlackTeam "Athenaeum 2"]

1. d4 Nf6 2. c4 e6 3. Nf3 b6 4. a3 Bb7 5. Nc3 g6 6. b4 Bg7 7. Bb2 Bxf3 8. gxf3
d6 9. Bg2 Nbd7 10. f4 Rb8 11. Qa4 a5 12. Qc6 O-O 13. h3 Kh8 14. Nb5 Ng8 15.
bxa5 bxa5 16. Bc3 Ne7 17. Qa6 Nb6 18. Na7 d5 19. cxd5 Nbxd5 20. Bxa5 Nxf4 21.
Bf3 Nfd5 22. e3 Ra8 23. Rb1 Qd6 24. Qxd6 cxd6 25. Rb7 Nc8 26. Nxc8 Raxc8 27.
Kd2 Bh6 28. Rhb1 Kg8 29. Bxd5 exd5 30. Rd7 Rc4 31. Kd3 Rfc8 32. Rxd6 Rc2 33.
Rf6 Bg5 34. Rf3 Be7 35. Rb3 h5 36. Bb4 Bh4 37. Be1 Ra2 0-1

[Event "4NCL/Div4/CONQ3 vs. ATH2"]
[Site "Sunningdale ENG"]
[Date "2007.05.27"]
[Round "10.2"]
[White "Wilson, David"]
[Black "Ynojosa, Angelica M"]
[Result "1/2-1/2"]
[WhiteElo "1740"]
[BlackElo "1825"]
[PlyCount "102"]
[EventDate "2007.05.27"]
[EventType "team"]
[EventRounds "11"]
[EventCountry "ENG"]
[WhiteTeam "Athenaeum 2"]
[BlackTeam "Conquistadors 3"]

1. e4 c5 2. Nf3 e6 3. d4 cxd4 4. Nxd4 a6 5. Nc3 Qc7 6. Bd3 Nf6 7. Be3 Be7 8. a3
d6 9. O-O O-O 10. f4 Nc6 11. h3 Na5 12. Qe2 b5 13. Rf3 Bb7 14. Rg3 Rfe8 15. Qf2
Nc4 16. Rb1 Nxa3 17. Ra1 Nc4 18. Bxc4 Qxc4 19. e5 Nd7 20. Rd1 Bh4 21. Rxg7+
Kxg7 22. Qxh4 Kh8 23. exd6 Rg8 24. Rd2 Rae8 25. Nb3 Rg6 26. Na5 Qc8 27. Nxb7
Qxb7 28. g4 Qf3 29. Rf2 Qxe3 30. g5 f6 31. Kf1 fxg5 32. Rg2 Qxf4+ 33. Qxf4 gxf4
34. Ne4 Rxg2 35. Kxg2 Rg8+ 36. Kf3 e5 37. Kf2 Rc8 38. c3 Kg7 39. b4 Kf7 40. Ke2
h6 41. Kd3 Ke6 42. h4 Nf6 43. Nc5+ Kxd6 44. Nxa6 Nd7 45. h5 Ra8 46. Nc5 Nxc5+
47. bxc5+ Kxc5 48. Ke4 Kd6 49. Kf3 Ra3 50. Ke4 Rxc3 51. Kf5 f3 {Now both player
s scoresheets read 52.Kf4 f2 53.Ke4 f1=Q stalemate. It is hard to know what to
make of this.} 1/2-1/2

[Event "4NCL/Div4/CONQ3 vs. ATH2"]
[Site "Sunningdale ENG"]
[Date "2007.05.27"]
[Round "10.3"]
[White "Archer-Lock, Adrian"]
[Black "Foster, James M"]
[Result "1-0"]
[WhiteElo "1760"]
[BlackElo "1665"]
[PlyCount "83"]
[EventDate "2007.05.27"]
[EventType "team"]
[EventRounds "11"]
[EventCountry "ENG"]
[WhiteTeam "Conquistadors 3"]
[BlackTeam "Athenaeum 2"]

1. d4 d5 2. c4 c6 3. cxd5 cxd5 4. Nc3 e5 5. e3 e4 6. Bd2 f5 7. Nh3 Nf6 8. Qb3
Nc6 9. Nf4 Na5 10. Qa4+ Bd7 11. Bb5 Nc6 12. Nfxd5 Nxd5 13. Nxd5 a6 14. Bf1 b5
15. Qb3 Rc8 16. Nb4 Na5 17. Qd1 Bxb4 18. Bxb4 Nc4 19. Bxc4 bxc4 20. Rc1 Qb6 21.
a3 a5 22. Bc3 O-O 23. Qd2 Ra8 24. Qe2 Rfc8 25. Qh5 Rc6 26. Qe2 Be6 27. O-O Bf7
28. Rfd1 Rh6 29. Rd2 Qc7 30. h3 Bh5 {=} 31. Qf1 Rg6 32. d5 Bf3 33. d6 Qc5 34.
g3 Rd8 35. Bxa5 Qe5 36. Qxc4+ Kh8 37. Bxd8 Rxg3+ 38. fxg3 Qxg3+ 39. Kf1 Qxh3+
40. Ke1 Qg3+ 41. Rf2 Qg1+ 42. Qf1 1-0

[Event "4NCL/Div4/CONQ3 vs. ATH2"]
[Site "Sunningdale ENG"]
[Date "2007.05.27"]
[Round "10.4"]
[White "Sant, Maria"]
[Black "Vandersluis, Ben"]
[Result "0-1"]
[WhiteElo "1420"]
[BlackElo "1600"]
[PlyCount "84"]
[EventDate "2007.05.27"]
[EventType "team"]
[EventRounds "11"]
[EventCountry "ENG"]
[WhiteTeam "Athenaeum 2"]
[BlackTeam "Conquistadors 3"]

1. e4 c5 2. Nc3 d6 3. f4 Nc6 4. Nf3 Bg4 5. Bb5 a6 6. Bxc6+ bxc6 7. O-O e6 8. d3
Be7 9. Qe1 Bxf3 10. Rxf3 Nf6 11. h3 O-O 12. Ne2 d5 13. f5 Nd7 14. Rg3 Bh4 15.
Bh6 Bxg3 16. Qxg3 Qf6 17. Bc1 exf5 18. exf5 Qxf5 19. Bh6 Qg6 20. Qxg6 fxg6 21.
Be3 Rae8 22. Rf1 Rxf1+ 23. Kxf1 Rxe3 24. Nc3 d4 25. Nd1 Re6 26. c4 Nb6 27. b3
a5 28. a4 Nd7 29. g4 Ne5 30. Ke2 Nxc4+ 31. Kf1 Nd2+ 32. Kf2 Nxb3 33. Nb2 Nc1
34. Nc4 Nxd3+ 35. Kf1 Nb4 36. g5 d3 37. Nd2 Re2 38. h4 Rxd2 39. h5 Re2 40. hxg6
hxg6 41. Kg1 d2 42. Kf1 d1=Q# 0-1

[Event "4NCL/Div4/CONQ3 vs. ATH2"]
[Site "Sunningdale ENG"]
[Date "2007.05.27"]
[Round "10.5"]
[White "Archer-Lock, Philip"]
[Black "Foster, Chantelle L"]
[Result "1-0"]
[WhiteElo "1540"]
[BlackElo "1355"]
[PlyCount "125"]
[EventDate "2007.05.27"]
[EventType "team"]
[EventRounds "11"]
[EventCountry "ENG"]
[WhiteTeam "Conquistadors 3"]
[BlackTeam "Athenaeum 2"]

1. d4 d5 2. c4 e6 3. Nc3 Nf6 4. cxd5 exd5 5. Bg5 c6 6. Nf3 Bb4 7. Qc2 Bxc3+ 8.
Qxc3 Bf5 9. e3 Nbd7 10. Bxf6 Nxf6 11. Qb3 Rb8 12. Ne5 O-O 13. Be2 Ne4 14. Bd3
Re8 15. Qc3 Rc8 16. f3 f6 17. fxe4 dxe4 18. Bc4+ Kf8 19. Nf7 Qd7 20. Qb3 b5 21.
Qb4+ Re7 22. Nd6 a5 23. Qc5 bxc4 24. Nxf5 Rce8 25. Nxe7 Rxe7 26. Qxc4 Qc7 27.
Qc5 Kg8 28. O-O Rd7 29. Rac1 Rd6 30. Rf4 Re6 31. Qc4 Qd7 32. Rf5 Kf7 33. Rc5
Kf8 34. Rxc6 Re7 35. Rc8+ Re8 36. Qc5+ Kg8 37. Rxe8+ Qxe8 38. Qc8 Qxc8 39.
Rxc8+ Kf7 40. Rc7+ Kf8 41. Ra7 g5 42. Rxh7 f5 43. Rh5 f4 44. exf4 gxf4 45. Rf5+
Ke7 46. Rxf4 Kd6 47. Rxe4 Kd5 48. Re2 Kxd4 49. b3 Kc3 50. h4 Kd3 51. Kf2 Kc3
52. h5 Kb4 53. h6 Kc5 54. Rd2 Kb4 55. Rc2 Ka3 56. h7 Kb4 57. h8=Q a4 58. Qc3+
Kb5 59. Qc4+ Kb6 60. Qb4+ Ka6 61. Rc6+ Ka7 62. Qb6+ Ka8 63. Rc8# 1-0

[Event "4NCL/Div4/CONQ3 vs. ATH2"]
[Site "Sunningdale ENG"]
[Date "2007.05.27"]
[Round "10.6"]
[White "Ackley, Peter"]
[Black "Paul, Barnaby"]
[Result "1-0"]
[WhiteElo "2111"]
[BlackElo "1560"]
[PlyCount "105"]
[EventDate "2007.05.27"]
[EventType "team"]
[EventRounds "11"]
[EventCountry "ENG"]
[WhiteTeam "Athenaeum 2"]
[BlackTeam "Conquistadors 3"]

{Game was played for rating only.} 1. d4 d5 2. c4 e6 3. Nf3 Nf6 4. Bg5 Be7 5.
e3 O-O 6. Nc3 Nbd7 7. Rc1 c6 8. Bd3 dxc4 9. Bxc4 h6 10. Bh4 c5 11. O-O b6 12.
Qe2 Bb7 13. Rfd1 Ne4 14. Bg3 Nxg3 15. hxg3 Qc7 16. d5 exd5 17. Nxd5 Bxd5 18.
Bxd5 Rad8 19. a4 Nf6 20. Bc4 Rxd1+ 21. Rxd1 Rd8 22. Rxd8+ Qxd8 23. Ne5 Qc7 24.
Nxf7 Kf8 {=} 25. Qd3 Qd7 26. Ne5 Qxd3 27. Bxd3 Bd6 28. Nc4 Be7 {=} 29. Kf1 Ke8
30. Ke2 Kd7 31. e4 Kc6 32. e5 Nd7 33. Be4+ Kc7 34. f4 a6 35. Ne3 b5 36. axb5
axb5 37. Nd5+ Kd8 38. Nxe7 Kxe7 39. Bc6 b4 40. Bxd7 Kxd7 41. Kd3 Kc6 42. Kc4 b3
43. Kxb3 Kd5 44. Kc3 c4 45. b3 cxb3 46. Kxb3 g5 47. Kc3 h5 48. Kd3 h4 49. gxh4
gxf4 50. e6 Kxe6 51. Ke4 f3 52. Kxf3 Kf5 53. g3 1-0

[Event "4NCL/Div4/JUTK vs. CONQ1"]
[Site "Sunningdale ENG"]
[Date "2007.05.28"]
[Round "11.1"]
[White "Cooley, Chris"]
[Black "Prizant, Michael"]
[Result "1/2-1/2"]
[WhiteElo "2276"]
[BlackElo "2159"]
[PlyCount "96"]
[EventDate "2007.05.28"]
[EventType "team"]
[EventRounds "11"]
[EventCountry "ENG"]
[WhiteTeam "Jutes of Kent"]
[BlackTeam "Conquistadors 1"]

1. e4 c5 2. c3 g6 3. d4 cxd4 4. cxd4 d5 5. e5 Bg7 6. Nc3 Nc6 7. f4 Nh6 8. Nf3
Bg4 9. Be3 Nf5 10. Bf2 Bxf3 11. Qxf3 Nfxd4 12. Qd1 Ne6 13. g3 d4 14. Ne4 Qa5+
15. Nd2 O-O 16. Bc4 Rad8 17. h4 Nc5 18. O-O b5 19. Be2 d3 20. Bg4 Nd4 21. Nb3
Ncxb3 22. axb3 Qb4 23. Rxa7 Nxb3 24. h5 gxh5 25. Bxh5 d2 26. Qg4 e6 27. Qg5 Rc8
28. f5 h6 29. Qe3 exf5 30. e6 fxe6 31. Qxe6+ Kh8 32. Qg6 Rg8 33. Rxg7 Rxg7 34.
Qxh6+ Rh7 35. Qf6+ Rg7 36. Bf7 Rc1 37. Qh6+ Rh7 38. Qf6+ Rg7 39. Bxb3 Rxf1+ 40.
Kxf1 Qxb3 41. Qh6+ Kg8 42. Qxd2 Qc4+ 43. Kg1 f4 44. Qd8+ Kh7 45. Qh4+ Kg8 46.
Qd8+ Kf7 47. Qd7+ Kg6 48. Qe8+ Kh7 1/2-1/2

[Event "4NCL/Div4/JUTK vs. CONQ1"]
[Site "Sunningdale ENG"]
[Date "2007.05.28"]
[Round "11.2"]
[White "Atako, Chino"]
[Black "Naylor, John"]
[Result "1/2-1/2"]
[WhiteElo "2174"]
[BlackElo "2232"]
[PlyCount "80"]
[EventDate "2007.05.28"]
[EventType "team"]
[EventRounds "11"]
[EventCountry "ENG"]
[WhiteTeam "Conquistadors 1"]
[BlackTeam "Jutes of Kent"]

1. e4 e5 2. Nf3 Nc6 3. d4 exd4 4. Bc4 Nf6 5. e5 d5 6. Bb5 Ne4 7. Nxd4 Bd7 8.
Bxc6 bxc6 9. O-O Bc5 10. f3 Ng5 11. f4 Ne4 12. Be3 O-O 13. Nd2 Nxd2 14. Qxd2
Qe7 15. Nb3 Bb6 16. Qc3 f6 17. Kh1 fxe5 18. fxe5 Rxf1+ 19. Rxf1 Rf8 20. Rxf8+
Qxf8 21. Kg1 Qe8 22. a4 Qh5 23. Nc5 Qd1+ 24. Kf2 Bf5 25. a5 Bxc5 {=} 26. Qxc5
a6 27. Qxc6 Qxc2+ 28. Qxc2 Bxc2 29. b4 Bd3 30. Bb6 c6 31. Ke3 Bf1 32. g3 Kf7
33. Kd4 Ke6 34. Bc7 Be2 35. Kc5 Kd7 36. Bd6 Bf1 37. Bf8 g6 38. Kd4 Ke6 39. Bd6
Kd7 40. Ke3 Ke6 1/2-1/2

[Event "4NCL/Div4/JUTK vs. CONQ1"]
[Site "Sunningdale ENG"]
[Date "2007.05.28"]
[Round "11.3"]
[White "Mack, Andy"]
[Black "Turner, Caius"]
[Result "1/2-1/2"]
[WhiteElo "2213"]
[BlackElo "2110"]
[PlyCount "106"]
[EventDate "2007.05.28"]
[EventType "team"]
[EventRounds "11"]
[EventCountry "ENG"]
[WhiteTeam "Jutes of Kent"]
[BlackTeam "Conquistadors 1"]

1. e4 d6 2. d4 Nf6 3. Nc3 g6 4. Be3 a6 5. Qd2 b5 6. Bd3 Bb7 7. a3 Nbd7 8. Nf3
h6 9. h3 a5 10. d5 b4 11. Ne2 c6 12. dxc6 Bxc6 13. Ng3 Bg7 14. Nd4 Bb7 15. axb4
axb4 16. O-O O-O 17. Bxh6 Nc5 18. Rxa8 Bxa8 19. Bxg7 Kxg7 20. Qxb4 Qb8 21. Qxb8
Rxb8 22. Rb1 e5 23. Nf3 Nfxe4 24. Nxe4 Nxe4 25. Bxe4 Bxe4 26. Ne1 d5 27. f3 Bf5
28. b4 d4 29. Kf2 f6 30. Rb2 Kf7 31. Nd3 Ke6 32. Ke2 {=} Kd5 33. Kd2 Kc4 34.
Rb1 Rb6 35. h4 Bxd3 36. cxd3+ Kb5 37. g3 Ra6 38. Kc2 Rc6+ 39. Kd2 Ra6 40. Kc2
Rc6+ 41. Kd2 Rc8 42. Rc1 Ra8 43. Rc4 Ra7 44. f4 Ra2+ 45. Rc2 Ra1 46. Rc1 Ra7
47. Rc4 Ra3 48. fxe5 fxe5 49. g4 Ra2+ 50. Rc2 Ra7 51. Ke2 Rh7 52. Kf3 Rxh4 53.
Ke4 Rxg4+ 1/2-1/2